000 00898nam a22002055i 4500
001 176375
003 ES-MaACL
005 20230906220049.0
008 110112s1963 sp |||| | spa d
080 _a910.2(725)"15"
245 0 0 _aRelaciones de varios viajeros ingleses en la ciudad de México y otros lugares de la Nueva España
_b: siglo XVI /
_crecopilación, traducción, introducción y notas por Joaquín García Icazbalceta.
260 _aMadrid :
_bJosé Porrúa Turanzas,
_c1963.
300 _a185, [4] p. , [1] h. ;
_c18 cm.
490 1 _aBibliotheca Tenanitla. Libros españoles e hispanoamericanos ;
_v5
651 4 _aMéxico-
_xDescripción.
_99061
700 1 _aGarcía Icazbalceta, Joaquín (
_d1825-1894)
_954786
830 0 _aBibliotheca Tenanitla. Libros españoles e hispanoamericanos ;
_v5
_9190011
852 _aES-MaACL
_jE-14008
_xOlim P-661-bis
999 _c176375
_d176375